| 000 | 00907nam a2200289 a 4500 | ||
|---|---|---|---|
| 001 | 12675 | ||
| 003 | BD-JhCC | ||
| 005 | 20230507094622.0 | ||
| 008 | 221117s2011 su a b 000 0 eng d | ||
| 020 | _a9786035011075 | ||
| 035 | _a(BD-JhCC)12675 | ||
| 040 |
_aHLS _cHLS _dOCLCO _dDLC _dBD-JhCC |
||
| 041 | 0 |
_aeng _bara |
|
| 082 |
_a214.61 _bAYA 2011 |
||
| 100 | 1 | _aAyad, Amira. | |
| 245 | 1 | 4 |
_aThe true secret / _cAmira Ayad. |
| 246 | 3 | 1 | _aSirr al-ḥaqīqī |
| 250 | _aEnglish edition. | ||
| 260 |
_aRiyadh : _bInternational Islamic Publishing House, _c2011. |
||
| 300 |
_a303 p. : _bill. ; _c22 cm. |
||
| 504 | _aIncludes bibliographical references (p. 295). | ||
| 650 | 0 |
_aSelf-realization _xReligious aspects _xIslam. |
|
| 650 | 0 |
_aSelf-actualization (Psychology) _xReligious aspects _xIslam. |
|
| 650 | 0 |
_aMuslims _xConduct of life. |
|
| 650 | 0 |
_aFatih and reason _xIslam. |
|
| 942 |
_2ddc _cBK |
||
| 999 |
_c12675 _d12675 |
||